Statistiken für Top 15 der betroffenen Covid-19-Länder - 28. April 2021

Klicken Sie hier um das Quiz zu spielen!

Allgemein

  • Dieses Quiz wurde 10 mal gespielt
  • Das Durchschnittsergebnis liegt bei 15 aus 28

Antwortstatistiken

Land% Korrekt
Deutschland
100%
Vereinigte Staaten
100%
Indien
90%
Italien
90%
Russland
90%
Spanien
90%
Brasilien
80%
Frankreich
80%
Polen
80%
Schweden
70%
Türkei
60%
Belgien
50%
Portugal
50%
Vereinigtes Königreich
50%
Argentinien
40%
Iran
40%
Kroatien
40%
Litauen
40%
Mexiko
40%
Niederlande
40%
Ungarn
40%
Estland
30%
Kolumbien
30%
Tschechien
30%
Slowenien
20%
Bahrain
10%
Israel
10%
Panama
10%

Verteilung der Resultate

Perzentil nach korrekt beantworteten Fragen

Anzahl Personen mit jedem Resultat

Ihre Resultats-Entwicklung

Sie haben dieses Quiz noch nicht gespielt